MARC

LEADER 00000nam0a2200000 4500
001 204522
005 20231031190057.0
035 |a (RuTPU)RU\TPU\book\222945 
035 |a RU\TPU\book\67878 
090 |a 204522 
100 |a 20111126d1979 km y0rusy50 ca 
101 0 |a rus 
102 |a RU 
105 |a a z 001zy 
200 1 |a Порошковые полимерные материалы и покрытия на их основе  |f А. Д. Яковлев, В. Ф. Здор, В. И. Каплан 
205 |a 2-е изд., перераб. 
210 |a Ленинград  |c Химия  |d 1979 
215 |a 256 с.  |c ил. 
320 |a Библиогр.: с. 239-248. 
320 |a Предметный указатель: с. 249-252. 
610 1 |a порошковые материалы 
610 1 |a полимеры 
610 1 |a порошковые системы 
610 1 |a пленкообразование 
610 1 |a покрытия 
610 1 |a свойства 
610 1 |a оборудование 
610 1 |a технологический процесс 
675 |a 678  |v 3 
700 1 |a Яковлев  |b А. Д.  |g Анатолий Дмитриевич 
701 1 |a Здор  |b В. Ф.  |g Вадим Филиппович 
701 1 |a Каплан  |b В. И.  |g Виктор Ильич 
801 1 |a RU  |b 63413507  |c 20040521  |g PSBO 
801 2 |a RU  |b 63413507  |c 20111205  |g PSBO 
942 |c BK